Cities on Borders - Sudden Death - Statistics

General Stats
  • This quiz has been taken 70 times
  • The average score is 6 of 14
Answers on the Grid
Answers color-coded by a green-red scale on the quiz's grid according to % correct below.
Geneva
Bratislava
Asunción
Detroit
Derry/Londonderry
Strasbourg
Vientiane
Maseru
Kinshasa
Ciudad Juárez
Trieste
Lomé
N‘Djamena
Dubrovnik
Phoenix
Guatemala City
Santiago
Guayaquil
Cape Town
Niamey
Sarajevo
Ahmedabad
Jakarta
Daegu
 
Answer Stats
Answer % Correct
Kinshasa
61%
Bratislava
59%
Strasbourg
59%
Geneva
56%
Detroit
54%
Maseru
49%
Trieste
49%
Ciudad Juárez
44%
Lomé
39%
Vientiane
32%
Asunción
29%
N‘Djamena
27%
Derry/Londonderry
24%
Dubrovnik
22%
No matching quizzes found
Score Distribution
Percent of People with Each Score
Percentile by Number Answered
Your Score History
You have not taken this quiz